| 000 | 00658cam a2200229 4500 | ||
|---|---|---|---|
| 001 | J11461 | ||
| 008 | 000000n2002 000 0 eng u | ||
| 035 | _a(Sirsi) u117642 | ||
| 041 | _aeng | ||
| 050 | _a333.337 | ||
| 110 |
_aDTZ Research _93886 |
||
| 245 | _aCORe : central offices research : London - Winter 2001/2002 | ||
| 260 |
_aLondon _bDTZ Research _c2002 |
||
| 300 | _a1pt. . ; 30cm. | ||
| 650 | _aFLOORSPACE STATISTICS | ||
| 650 | _aLONDON | ||
| 650 | _aPROPERTY-COMMERCIAL PROPERTY-OFFICE PROPERTY-OFFICE PROPERTY MARKET | ||
| 650 | _aPROPERTY INVESTMENT | ||
| 650 | _aOFFICES | ||
| 690 | _aPROPERTY-COMMERCIAL PROPERTY | ||
| 942 | _n0 | ||
| 999 |
_c102040 _d102040 |
||